Szczegóły MARC21

Walter Benjamin 1892-1940 : eine Ausstellung des Theodor W. Adorno /

003 -Nazwa inst., której nr kontr. jest w polu 001 [,]
    • @
    • Nazwa instytucji, której n kontrolny jest w polu 001
    • NUKAT
005 -DATA I CZAS OSTATNIEJ MODYFIKACJI [,]
    • @
    • pole kontrolne
    • 20241231103225.0
040 -Instytucja sporządzająca opis [ , ]
    • a
    • Instytucja, która sporządziła opis (NP)
    • WA U/70AO
    • c
    • Instytucja, która sporządziła rekord (NP)
    • WA U/AO
    • d
    • Instytucja, która zmodyfikowała rekord (P)
    • WA U/AO
942 -Rodzaj dokumentu [ , ]
    • c
    • Rodzaj dokumentu
    • Książka
245 -Strefa tytułu i oznaczenia odpowiedzialności [0,0]
    • a
    • Tytuł
    • Walter Benjamin 1892-1940 : Find
    • b
    • Ciąg dalszy tytułu (NP)
    • eine Ausstellung des Theodor W. Adorno / Find
    • c
    • Pozostałe elementy strefy tytułu i oznaczenia odpowiedzialności (NP)
    • bearb. von Rolf Tiedemann, Christoph Gödde und Henri Lonitz.
260 -Strefa adresu wydawniczego [ , ]
    • a
    • Miejsce wydania (P)
    • Marbach am Neckar :
    • b
    • Nazwa wydawcy (P)
    • Deutsche Schillergesellschaft,
    • c
    • Data wydania (P)
    • cop. 1990.
300 -Strefa opisu fizycznego [ , ]
    • a
    • Określenie formy książki i/lub objętość (NP)
    • 359 s. :
    • b
    • Oznaczenie ilustracji (NP)
    • il. ;
    • c
    • Format (NP)
    • 21 cm. +
    • e
    • Oznaczenie dokumentu towarzyszącego (NP)
    • mapa.
336 -Typ zawartości [ , ]
    • a
    • Termin opisujący typ zawartości
    • Tekst
    • b
    • Kod określający zawartość
    • txt
    • 2
    • Źródło (terminu i kodu)
    • rdacontent
337 -Typ mediów [ , ]
    • a
    • Tryb odtwarzania
    • Bez urządzenia pośredniczącego
    • b
    • Kod typu mediów
    • n
    • 2
    • Źródło (terminu i kodu)
    • rdamedia
338 -Typ/rodzaj nośnika [ , ]
    • a
    • Hasło opisujące typ nośnika
    • Wolumin
    • b
    • Kod typu nośnika
    • nc
    • 2
    • Źródło (terminu i kodu)
    • rdacarrier
490 -Strefa serii i książki wielotomowej - forma nie do wyszukiwania [1, ]
    • a
    • Tytuł (P)
    • Marbacher Magazin ; Find
    • v
    • Numeracja (P)
    • 55/1990
830 -Hasło dodatkowe serii i opisu książki wielotomowej - tytuł ujednolicony/tytuł [ ,0]
    • a
    • Tytuł ujednolicony/tytuł (NP)
    • Marbacher Magazin
    • v
    • Oznaczenie tomu (NP)
    • 55/1990
    • 9
    • KHW
    • 424396
500 -Uwaga ogólna [ , ]
    • a
    • Uwaga ogólna (NP)
    • Eine Austellung des Theodor W. Adorno Archivs Frankfurt am Main im Schiller-Nationalmuseum Marbach am Neckar und im Literaturhaus Berlin.
080 -Uniwersalna Klasyfikacja Dziesiętna [ , ]
    • a
    • Symbol klasyfikacji
    • 830(091)"18/19"Benjamin W.=30
080 -Uniwersalna Klasyfikacja Dziesiętna [ , ]
    • a
    • Symbol klasyfikacji
    • :929(430)"18/19"Benjamin W.=30
980 -Symbol UKD [ , ]
    • a
    • UKD
    • 830(091):929(430)]"18/19"Benjamin W.=30
700 -Hasło dodatkowe - nazwa osobowa [1, ]
    • a
    • Nazwa osobowa (NP)
    • Tiedemann, Rolf. Find
    • e
    • Określenie rodzaju współpracy
    • Oprac.
    • 9
    • KHW
    • 345047
700 -Hasło dodatkowe - nazwa osobowa [1, ]
    • a
    • Nazwa osobowa (NP)
    • Gödde, Christoph. Find
    • e
    • Określenie rodzaju współpracy
    • Oprac.
    • 9
    • KHW
    • 424393
700 -Hasło dodatkowe - nazwa osobowa [1, ]
    • a
    • Nazwa osobowa (NP)
    • Lonitz, Henri. Find
    • e
    • Określenie rodzaju współpracy
    • Oprac.
    • 9
    • KHW
    • 424394
710 -Hasło dodatkowe - nazwa ciała zbiorowego [2, ]
    • a
    • Nazwa ciała zbiorowego lub nazwa geograficzna jako pierwszy element (NP)
    • Deutsche Schillergesellschaft.
    • 9
    • KHW
    • 62519
710 -Hasło dodatkowe - nazwa ciała zbiorowego [2, ]
    • a
    • Nazwa ciała zbiorowego lub nazwa geograficzna jako pierwszy element (NP)
    • Schiller-Nationalmuseum.
    • 9
    • KHW
    • 263564
730 -Hasło dodatkowe - tytuł ujednolicony [0, ]
    • a
    • Tytuł ujednolicony (NP)
    • Katalog wystawy (Schiller-Nationalmuseum und Deutsches Literaturarchiv ; Marbach am Neckar ; 1990)
    • 9
    • KHW
    • 424395
Sygnatura Numer inwentarzowy Status udost. Lokalizacja Data inwentaryzacji
 G.81581BM1997-03-05
Germ. Literaturozn.-Benjamin 02G.12591-3BM1997-03-05